| 000 | 01358nam0a2200337 4500 | ||
|---|---|---|---|
| 001 | RU\NLR\BIBL_A\011453347 | ||
| 005 | 20190227112746.0 | ||
| 010 |
_a978-5-389-12610-7 _98000 |
||
| 021 |
_aRU _bАЛ-П-19-00004и _9АЛ-П-19-0001 |
||
| 035 | _a(NLR Aleph) 011453347 | ||
| 035 | _a(RuMoRGB)009544042 | ||
| 090 |
_a11764987 _c11764987 |
||
| 100 | _a20170811d2017 u y0rusy50 ca | ||
| 101 | 1 |
_arus _ceng |
|
| 102 |
_aRU _aUA |
||
| 105 | _aa|||tzzz000 y | ||
| 200 | 1 |
_aДжокер _e[графический роман] _eиздание делюкс _fБрайан Аззарелло _g[перевод с англ.: Евгений Мягков] _gхудожник комикса и обложек Ли Бермехо |
|
| 210 |
_aСанкт-Петербург [и др.] _cАзбука [и др.] _d2017 |
||
| 215 |
_a[144] с. _cцв. ил. _d29 |
||
| 333 | _a18+ | ||
| 686 |
_aШ5(7США)64-864.45 _2rubbk |
||
| 686 |
_aЩ157.53(7США)64я6 _2rubbk |
||
| 686 | 1 | _aШ6(7США)67-440.4комикс(Лх1979-50комикс) | |
| 702 | 1 |
_4690 _7ca _8rus _aАззарелло _bБ. _f1962- _gБрайан _9176877 _3RU\NLR\AUTH\770176928 |
|
| 702 | 1 |
_aБермехо _bЛ. _gЛи _4040 |
|
| 942 | _cBOOK | ||
| 980 | _aNBR | ||
| 980 | _aNB | ||